A Terra (Registo nº 4312)
[ vista simples ]
| 000 -Etiqueta do registo | |
|---|---|
| Cabeçalho | 00673cam a2200241 4500 |
| 005 - Identificador da versão | |
| Campo de controlo | 20240904162837.0 |
| 010 ## - Número internacional normalizado dos livros (ISBN) | |
| Número (ISBN) | 9726100348 |
| 021 ## - Número do Depósito Legal | |
| Código do país | PT |
| Número | 112613/97 |
| 100 ## - Dados gerais de processamento | |
| Dados gerais de processamento | 20070822d2004 m y0pory5003 ba |
| 101 1# - Língua de publicação | |
| Língua do texto, banda sonora, etc. | Português |
| Língua do documento no original | Francês |
| 102 ## - Pais de publicação ou produção | |
| País de publicação | Portugal |
| 200 1# - Titulo e menção de responsabilidade | |
| Título próprio | A Terra |
| Primeira menção de responsabilidade | Keith Lye |
| Outras menções de responsabilidade | trad. Joana Caspurro |
| 205 ## - Menção da edição | |
| Menção da edição | 4ª ed |
| 210 ## - Publicação, Distribuição, etc. | |
| Lugar da edição, distribuição, etc. | Porto |
| Nome do editor, distribuidor, etc. | Campo das letras |
| Data da publicação, distribuição, etc. | 2004 |
| 215 ## - Descrição física | |
| Indicação específica da natureza do documento e extensão da espécie | 124 p. |
| Material acompanhante | il. |
| Dimensões | 18 cm |
| 225 1# - Colecção | |
| Título próprio da colecção | A minha primeira enciclopédia Larousse |
| Indicação de volume | 4 |
| 304 ## - Notas relativas a título e menção de responsabilidade | |
| Texto da nota | Tit. orig.: La Terre (ma première encyclopédie - 5/7 ans) |
| 675 ## - Classificação Decimal Universal (CDU) | |
| Notação | 55 |
| Edição | BN |
| Língua da edição | por |
| 700 #1 - Nome de autor-pessoa física (responsabilidade principal) | |
| Número de registo de entrada de autoridade | 0001095 |
| Palavra de ordem | Lye |
| Outra parte do nome não tomada para palavra de ordem | Keith |
| 702 #1 - Nome de autor-pessoa física (responsabilidade secundária) | |
| Número de registo de entrada de autoridade | 0001096 |
| Palavra de ordem | Caspurro |
| Outra parte do nome não tomada para palavra de ordem | Joana |
| Código de função | Tradutor |
| 942 ## - Elementos de entrada adicionados (Koha) | |
| Tipo de item no Koha | Livro |
| Situação do levantamento | Origin of item (home branch) (coded) | Biblioteca de empréstimo | Código de barras | Cota | Circulation type (not for loan) | Tipo de documento | Nota do exemplar | Damaged status |
|---|---|---|---|---|---|---|---|---|
| Biblioteca Escolar das Vendas | Biblioteca Escolar das Vendas | BEV1246 | 5 LYE | Livro | Sem mensagem |
